| 000 -LEADER |
| fixed length control field |
00793nam a2200241Ia 4500 |
| 001 - CONTROL NUMBER |
| control field |
2953 |
| 003 - CONTROL NUMBER IDENTIFIER |
| control field |
GE_BSU |
| 008 - FIXED-LENGTH DATA ELEMENTS--GENERAL INFORMATION |
| fixed length control field |
181216s||||||||xx |||||||||||||| ||und|| |
| 020 ## - INTERNATIONAL STANDARD BOOK NUMBER |
| International Standard Book Number |
588126168Х |
| 040 ## - CATALOGING SOURCE |
| Transcribing agency |
GE_BSU |
| 080 ## - UNIVERSAL DECIMAL CLASSIFICATION NUMBER |
| Universal Decimal Classification number |
330.1+330.101 |
| 100 ## - MAIN ENTRY--PERSONAL NAME |
| Personal name |
А.Н. Голиков. С.В. Ермилова, Е.А. др.; |
| 245 ## - TITLE STATEMENT |
| Title |
Сборник задач по экономической теории: |
| 245 ## - TITLE STATEMENT |
| Remainder of title |
Микроэкономика и Макроэкономика |
| 260 ## - PUBLICATION, DISTRIBUTION, ETC. |
| Place of publication, distribution, etc. |
Киров |
| 260 ## - PUBLICATION, DISTRIBUTION, ETC. |
| Name of publisher, distributor, etc. |
ГАСА |
| 260 ## - PUBLICATION, DISTRIBUTION, ETC. |
| Date of publication, distribution, etc. |
1997 |
| 300 ## - PHYSICAL DESCRIPTION |
| Extent |
264 ст 24 см. |
| 653 ## - INDEX TERM--UNCONTROLLED |
| Uncontrolled term |
Микроэкономика и Макроэкономика |
| 653 ## - INDEX TERM--UNCONTROLLED |
| Uncontrolled term |
Сборник задач по экономической теории: |
| 942 ## - ADDED ENTRY ELEMENTS (KOHA) |
| Koha item type |
წიგნი |